MARC details
| 000 -LEADER |
| campo de control de longitud fija |
02673nam a2200301 i 4500 |
| 001 - NÚMERO DE CONTROL |
| campo de control |
194407 |
| 003 - IDENTIFICADOR DE NÚMERO DE CONTROL |
| campo de control |
ES-MaACL |
| 005 - FECHA Y HORA DE LA ÚLTIMA TRANSACCIÓN |
| campo de control |
20250806063150.0 |
| 008 - DATOS DE LONGITUD FIJA--INFORMACIÓN GENERAL |
| campo de control de longitud fija |
240914s2024 sp ||||| |||| 00| 0 spa d |
| 017 ## - NÚMERO DE COPYRIGHT O DE DEPÓSITO LEGAL |
| Número de copyright o de depósito legal |
B 2020-2024 |
| 020 ## - NÚMERO INTERNACIONAL ESTÁNDAR DEL LIBRO |
| Número Internacional Estándar del Libro |
9788491996385 |
| 040 ## - FUENTE DE CATALOGACIÓN |
| Centro/agencia transcriptor |
ES-MaACL |
| 100 1# - ENTRADA PRINCIPAL--NOMBRE DE PERSONA |
| Nombre de persona |
Sánchez Ron, José Manuel, |
| Fechas asociadas al nombre |
1949- |
| Término indicativo de función/relación |
Autor |
| 9 (RLIN) |
102904 |
| 245 13 - MENCIÓN DEL TÍTULO |
| Título |
El canon oculto : |
| Resto del título |
una nueva biblioteca de Alejandría para la ciencia / |
| Mención de responsabilidad, etc. |
José Manuel Sánchez Ron |
| 250 ## - MENCION DE EDICION |
| Mención de edición |
Primera edición: abril de 2024 |
| 260 ## - PUBLICACIÓN, DISTRIBUCIÓN, ETC. |
| Lugar de publicación, distribución, etc. |
Barcelona : |
| Nombre del editor, distribuidor, etc. |
Crítica, |
| Fecha de publicación, distribución, etc. |
[2024] |
| 300 ## - DESCRIPCIÓN FÍSICA |
| Extensión |
670 pág. ; |
| Dimensiones |
26 cm |
| 500 ## - NOTA GENERAL |
| Nota general |
El propósito de este libro es el de rebatir la tan extendida costumbre que conforma los cánones de lo mejor que la humanidad ha producido a lo largo de la historia incluyendo únicamente obras de literatura, con ocasionales textos de filosofía e historia. Con la excepción de The Origin of Species de Charles Darwin, rara vez asoman en esos cánones textos de ciencia, como si la lectura, el conocimiento de éstos no formase parte de la Cultura, y no pudiesen dar a sus lectores placer, además de acceso a lo mejor de la sabiduría que los humanos han producido. Para cumplir con semejante fin, el autor, el académico de la RAE, Premio Nacional de Ensayo, José Manuel Sánchez Ron, ha seleccionado cien libros que sobresalen en la historia de la ciencia, hasta el punto que se puede decir de esta obra que constituye una nueva Biblioteca de Alejandría para la ciencia, en la que figuran los mejores científicos de la historia, personalidades como Aristóteles, Galeno, Galileo, Newton, Euler, Lavoisier, Buffon, Darwin, Maxwell, Einstein, Fossey, Dawkins o Hawking, entre muchos otros. Cada uno de los cien capítulos que componen este Canon oculto se centra en uno de esos libros capitales, explicando su contexto e importancia, al mismo tiempo que se dan detalles del autor, todo ello completado con la reproducción de algún texto representativo de la obra en cuestión, elegido teniendo en cuenta la facilidad de comprensión para los lectores. |
| 650 #4 - PUNTO DE ACCESO ADICIONAL DE MATERIA--TÉRMINO DE MATERIA |
| 9 (RLIN) |
10954 |
| Término de materia o nombre geográfico como elemento de entrada |
Ciencia- |
| Subdivisión de forma |
Historia |
| 650 #7 - PUNTO DE ACCESO ADICIONAL DE MATERIA--TÉRMINO DE MATERIA |
| 9 (RLIN) |
150744 |
| Término de materia o nombre geográfico como elemento de entrada |
Canon (Literatura) |
| 852 ## - LOCALIZACIÓN |
| Ubicación |
ES-MaACL |
| Ubicación en estantería |
Depósito J |
| Número de control de estantería |
N-9900 |
| Anotaciones manuscritas |
Dedicatoria autógrafa del autor |
| Donativo/Legado |
Donación: José Manuel Sánchez Ron |
| Sublocalización o colección |
R.155121 |
| Encuadernación |
Encuadernación cartoné con sobrecubierta |
| Nota libre |
205814 |
| 903 ## - NOMBRE PERSONAL DE DONANTE |
| a |
Sánchez Ron, José Manuel, |
| d |
1949- |
| e |
Donante |
| 9 |
102904 |
| 942 ## - ELEMENTOS DE ENTRADA SECUNDARIOS (KOHA) |
| Suprimir en OPAC |
No |
| Tipo de ítem Koha |
Libro impreso |